Esta vez es distinto : (Registro nro. 4855)
[ vista simple ]
| 000 -LEADER | |
|---|---|
| fixed length control field | 01320nam a2200301Ia 4500 |
| 003 - CONTROL NUMBER IDENTIFIER | |
| control field | OSt |
| 005 - DATE AND TIME OF LATEST TRANSACTION | |
| control field | 20200715085546.0 |
| 008 - FIXED-LENGTH DATA ELEMENTS--GENERAL INFORMATION | |
| fixed length control field | 191128s2011 mx ad fr 001 0 spa d |
| 020 ## - INTERNATIONAL STANDARD BOOK NUMBER | |
| International Standard Book Number | 9788437506579 |
| 040 ## - CATALOGING SOURCE | |
| Original cataloging agency | CO-JMCR |
| Transcribing agency | CO-JMCR |
| 041 0# - LANGUAGE CODE | |
| Language code of text/sound track or separate title | spa |
| 082 04 - DEWEY DECIMAL CLASSIFICATION NUMBER | |
| Classification number | 338.542 / |
| Item number | R235e |
| Edition number | 23 |
| 100 1# - MAIN ENTRY--PERSONAL NAME | |
| Personal name | Reinhart, Carmen, |
| Relator term | autora |
| 9 (RLIN) | 7277 |
| 245 10 - TITLE STATEMENT | |
| Title | Esta vez es distinto : |
| Remainder of title | ocho siglos de necedad financiera / |
| Statement of responsibility, etc. | Carmen M. Reinhart y Kenneth S. Rogoff ; traducción de Óscar Figueroa |
| 250 ## - EDITION STATEMENT | |
| Edition statement | Primera edición |
| 260 ## - PUBLICATION, DISTRIBUTION, ETC. | |
| Place of publication, distribution, etc. | México ; Madrid : |
| Name of publisher, distributor, etc. | Fondo de Cultura Economíca, |
| Date of publication, distribution, etc. | 2011 |
| 300 ## - PHYSICAL DESCRIPTION | |
| Extent | 470 páginas : |
| Other physical details | gráficos a blanco y negro ; |
| Dimensions | 23. |
| 490 0# - SERIES STATEMENT | |
| Series statement | Sección de obras de economía |
| 500 ## - GENERAL NOTE | |
| General note | Incluye índice analítico. |
| 504 ## - BIBLIOGRAPHY, ETC. NOTE | |
| Bibliography, etc. note | Bibliografía: páginas 423-441 |
| 505 0# - FORMATTED CONTENTS NOTE | |
| Formatted contents note | Manual operativo sobre crisis financiera -- Crisis de deuda externa -- La historia olvidada de la deuda interna y su impago -- Crisis bancarias, inflación y derrumbes monetarios -- La crisis hipotecaria de alto riego estadounidense y la segunda gran contr |
| 650 14 - SUBJECT ADDED ENTRY--TOPICAL TERM | |
| Topical term or geographic name entry element | Manual operativo financiero |
| 9 (RLIN) | 7278 |
| 650 14 - SUBJECT ADDED ENTRY--TOPICAL TERM | |
| Topical term or geographic name entry element | Crisis hipotecaria |
| 9 (RLIN) | 7279 |
| 650 14 - SUBJECT ADDED ENTRY--TOPICAL TERM | |
| Topical term or geographic name entry element | Deuda interna |
| General subdivision | Impago |
| 9 (RLIN) | 7280 |
| 700 1# - ADDED ENTRY--PERSONAL NAME | |
| Personal name | Rogoff, Kenneth S., |
| Relator term | autor |
| 9 (RLIN) | 7281 |
| 700 1# - ADDED ENTRY--PERSONAL NAME | |
| Personal name | Figueroa, Óscar, |
| Relator term | traductor |
| 9 (RLIN) | 7282 |
| 942 ## - ADDED ENTRY ELEMENTS (KOHA) | |
| Source of classification or shelving scheme | Dewey Decimal Classification |
| Koha item type | Books |
| Withdrawn status | Lost status | Source of classification or shelving scheme | Damaged status | Not for loan | Collection code | Home library | Current library | Date acquired | Source of acquisition | Total Checkouts | Full call number | Barcode | Date last seen | Date last checked out | Copy number | Koha item type |
|---|---|---|---|---|---|---|---|---|---|---|---|---|---|---|---|---|
| Dewey Decimal Classification | Non-fiction | Biblioteca Pública José María del Castillo y Rada | Biblioteca Pública José María del Castillo y Rada | 04/15/2018 | Donación | 1 | 338.542 / R235e | 430000771 | 08/19/2025 | 08/12/2025 | Ej.1 | Books |